000 00367nam a22001337a 4500
008 170524b xxu||||| |||| 00| 0 eng d
020 _a9780130416797
041 _aeng
080 _25ED
_a62
100 _a26
101 _aIM
245 _aTHE QUALITY TECHNICAL HANDBOOK
_cGRIFFIN.G.K
942 _2udc
_cBK
999 _c14048
_d14048